00329nam a2200109Ia 4500008004100000082001400041100003100055245004000086260003900126300000800165650004600173191201s2018 xx 000 0 und d a572.3 DAB aDANDIYA, PC And SHARMA, PK 0aBiochemistry and clinical Pathology bvallabh PraksahanaNew Delhic2018 a344 aApplied Biochemistry & Clinical Chemistry